Una reflexión sobre la idea de Estado plurinacional /

Sábháilte in:
Sonraí bibleagrafaíochta
Príomhchruthaitheoir: Tapia, Lupita
Formáid: Téacs
Ábhair:
Clibeanna: Cuir clib leis
Níl clibeanna ann, Bí ar an gcéad duine le clib a chur leis an taifead seo!

MARC

LEADER 00000 a a2200000 04500
001 11067
003
040
100 |a Tapia, Lupita  
245 |a Una reflexión sobre la idea de Estado plurinacional /  |c Lupita Tapia 
650 |a ESTADO  
650 |a NACION  
650 |a BOLIVIA  
773 |g volumen 8, número 22; páginas 47-63  
999 |c 29864  |d 29864